Metoda konečných prvků v mechanice poddajných těles

Guardado en:
Detalles Bibliográficos
Autores principales: Kanócz, Alexander (Autor), Španiel, Miroslav (Autor)
Formato: Libro
Lenguaje:checo
Publicado: Praha : ČVUT, 2007
Edición:2. vyd.
Materias:
Etiquetas: Agregar Etiqueta
Sin Etiquetas, Sea el primero en etiquetar este registro!

MARC

LEADER 00000nam a22000003a 4500
001 stu145816
005 20150716165414.4
008 070924s2007----xr------------------cze-d
020 |a 978-80-01-03590-0 
040 |a STU  |b slo 
041 0 |a cze 
044 |a xr 
080 |a 519.64  |7 stu_us_auth*stu8082 
100 1 |a Kanócz, Alexander  |4 aut 
245 1 |a Metoda konečných prvků v mechanice poddajných těles 
250 |a 2. vyd. 
260 |a Praha :  |b ČVUT,  |c 2007 
300 |a 116 s 
650 7 |a metóda konečných prvkov  |2 stusub 
650 7 |a matematika  |2 stusub 
700 1 |a Španiel, Miroslav  |4 aut 
996 |b 284J033554  |c J*109354  |l JJK10  |s P  |a 0  |w stu145816_0001 
996 |b 284J039538  |c J*114314  |l JJST  |s P  |a 0  |w stu145816_0002 
996 |b 284J032805  |c J*108205  |l JJK1  |s P  |a 0  |w stu145816_0003